| 000 | 01067nac a22002891u 4500 | ||
|---|---|---|---|
| 010 | _a 2003114799 | ||
| 020 | _a0534490514 (student ed.) | ||
| 020 | _a0534490581 (instructor's ed.) | ||
| 020 | _a0534462669 (InfoTrac college ed. [and] Environmental GeologyNow passcode card) | ||
| 035 | _a(DLC) 2003114799 | ||
| 082 | 0 | 0 |
_a550 _bP6657 |
| 090 |
_c1915 _d1915 |
||
| 100 | _aPipkin, Bernard W. | ||
| 245 | 1 | 0 | _aGeology and the environment. |
| 250 |
_a4th ed. / _bBernard W. Pipkin, D.D. Trent, Richard Hazlett. |
||
| 260 |
_aBelmont, CA : _bThomson Brooks/Cole, _cc2005. |
||
| 300 |
_axvi, 473 p. : _bill. (some col.), col. maps ; _c28 cm. |
||
| 500 | _aInfoTrac college ed. [and] Environmental Geology Now passcode card tipped in. | ||
| 504 | _aIncludes bibliographical references and index. | ||
| 650 | 0 | _aEnvironmental geology. | |
| 700 | 1 | _aTrent, D. D. | |
| 700 | 1 | _aHazlett, Richard W. | |
| 942 |
_cBB _k550 _hRDA-MOD |
||
| 999 |
_c1915 _d1915 |
||
| 336 |
_2rdacontent _atext _btxt |
||
| 337 |
_aunmediated _2rdamedia _bn |
||
| 338 |
_avolume _bnc _2rdacarrier |
||